[Event "World Blitz Women 2023"]
[Site "Samarkand UZB"]
[Date "2023.12.30"]
[Round "11.5"]
[White "Borisova, Ekaterina"]
[Black "Badelka, Olga"]
[Result "1/2-1/2"]
[WhiteElo "2130"]
[BlackElo "2262"]
[EventDate "2023.12.29"]

1. Nf3 d5 2. g3 c6 3. Bg2 g6 4. c4 Bg7 5. O-O Nf6 6. b3 O-O 7. Bb2 a5 8. d3
b5 9. Nbd2 Nbd7 10. Rc1 Bb7 11. Qc2 a4 12. cxb5 cxb5 13. Qc7 Rb8 14. Ba3
Re8 15. Qxd8 Rbxd8 16. Rc7 Ba8 17. Rfc1 axb3 18. Nxb3 Bf8 19. Nfd4 Rb8 20.
Bh3 e6 21. Bxf8 Kxf8 22. Ra7 Rb7 23. Ra5 b4 24. Nb5 Rbb8 25. Nc7 Rec8 26.
Nxa8 Rxa8 27. Rxc8+ Rxc8 28. Bf1 Rb8 29. e3 Ke7 30. d4 Kd6 31. Ra6+ Kc7 32.
f3 Ne8 33. Ra7+ Kd8 34. Na5 Rb6 35. Ra8+ Ke7 36. Ra7 Nd6 37. Nb3 Kd8 38.
Kf2 Nc4 39. Ra8+ Ke7 40. e4 Rb8 41. Ra7 Kd8 42. exd5 exd5 43. Bh3 Ncb6 44.
Ke3 Rc8 45. Kd2 Rc3 46. f4 Rf3 47. Na5 Rf2+ 48. Ke3 Rxh2 49. Nc6+ Kc8 50.
Bf1 Nc4+ 51. Bxc4 dxc4 52. Ne7+ Kd8 53. Nc6+ Kc8 54. Ne7+ Kd8 55. Nc6+ Kc8
56. Ke4 1/2-1/2

[Event "World Blitz Women 2023"]
[Site "Samarkand UZB"]
[Date "2023.12.30"]
[Round "11.6"]
[White "Mammadova, Gulnar"]
[Black "Balabayeva, Xeniya"]
[Result "1-0"]
[WhiteElo "2247"]
[BlackElo "2202"]
[EventDate "2023.12.29"]

1. e4 c6 2. d4 d5 3. e5 Bf5 4. Nd2 e6 5. Nb3 Nd7 6. Nf3 h6 7. c3 Ne7 8. Be2
g5 9. a4 a5 10. O-O Rg8 11. Ne1 g4 12. Nd3 Ng6 13. Nf4 Nxf4 14. Bxf4 h5 15.
Bd3 Bg6 16. f3 Qb6 17. Bxg6 Rxg6 18. fxg4 hxg4 19. Qc2 c5 20. Be3 c4 21.
Nc1 Nxe5 22. Qf2 g3 23. hxg3 O-O-O 1-0

[Event "World Blitz Women 2023"]
[Site "Samarkand UZB"]
[Date "2023.12.30"]
[Round "11.7"]
[White "Kovanova, Baira"]
[Black "Sahithi, Varshini M"]
[Result "0-1"]
[WhiteElo "2234"]
[BlackElo "2189"]
[EventDate "2023.12.29"]

1. e4 c5 2. Nf3 e6 3. d4 cxd4 4. Nxd4 Nf6 5. Bd3 Nc6 6. Nxc6 bxc6 7. O-O d5
8. e5 Nd7 9. Bf4 a5 10. Re1 Bc5 11. c3 Qb6 12. Qc2 Ba6 13. Bxa6 Qxa6 14.
Nd2 Ba7 15. Nf3 h6 16. Qd2 Rb8 17. Nd4 c5 18. Nf3 c4 19. Re2 a4 20. Nd4 Nc5
21. Qe3 Nd3 22. Qg3 Kf8 23. Rb1 a3 24. Be3 axb2 25. Qf3 Bxd4 26. Bxd4 Qxa2
0-1

[Event "World Blitz Women 2023"]
[Site "Samarkand UZB"]
[Date "2023.12.30"]
[Round "11.8"]
[White "Velpula, Sarayu"]
[Black "Batsiashvili, Nino"]
[Result "1/2-1/2"]
[WhiteElo "1747"]
[BlackElo "2233"]
[EventDate "2023.12.29"]

1. e4 e5 2. Nf3 Nc6 3. Bb5 a6 4. Ba4 Nge7 5. O-O Ng6 6. c3 d6 7. d4 Bd7 8.
Be3 Be7 9. Nbd2 O-O 10. Re1 Kh8 11. Bc2 f5 12. exf5 Bxf5 13. Bxf5 Rxf5 14.
Ne4 Qd7 15. d5 Nd8 16. c4 Nf4 17. Ng3 Rf8 18. c5 Nf7 19. Rc1 Nh6 20. h3 Rf7
21. Bxf4 Rxf4 22. Qb3 Raf8 23. Rc3 dxc5 24. Nxe5 Qd8 25. Nf3 Bd6 26. Ne4
Nf5 27. Nxc5 Rxf3 28. Rxf3 Bxc5 29. Qc2 Nd4 30. Rxf8+ Bxf8 31. Qe4 Qf6 32.
Qe8 Nb5 33. Qb8 Nd6 34. Qxc7 Kg8 35. Qc2 h6 36. Qe2 Qd4 37. Qe6+ Kh8 38. b3
Qf4 39. Qe3 Qf6 40. Qe6 Qf4 41. Qe3 Qxe3 42. Rxe3 Kg8 43. Kf1 Kf7 44. Ke2
Be7 45. Kd3 Bf6 46. Re2 Nf5 47. Rc2 Be5 48. g3 Bd6 49. a4 Kf6 50. Re2 Kf7
51. Kc4 Ne7 52. b4 Ng6 53. f4 Ne7 54. Re6 Nc8 55. b5 axb5+ 56. axb5 Nb6+
57. Kd4 Nc8 58. Ke4 Bc5 59. Kd3 Nd6 60. g4 b6 61. Re2 Nxb5 62. Rb2 Nd6 63.
Rc2 Kf6 64. Re2 Kf7 65. f5 b5 66. Rb2 Kf6 67. Re2 Kf7 68. Rb2 Kf6 69. Re2
Kf7 70. Rb2 Kf6 71. Re2 Kf7 72. Rb2 Kf6 73. Re2 Kf7 1/2-1/2

[Event "World Blitz Women 2023"]
[Site "Samarkand UZB"]
[Date "2023.12.30"]
[Round "11.9"]
[White "Lu, Miaoyi"]
[Black "Savitha, Shri B"]
[Result "1/2-1/2"]
[WhiteElo "2284"]
[BlackElo "2183"]
[EventDate "2023.12.29"]

1. e4 c5 2. Nf3 Nc6 3. Bb5 g6 4. O-O Bg7 5. Re1 d6 6. c3 a6 7. Bxc6+ bxc6
8. h3 e5 9. d4 cxd4 10. cxd4 exd4 11. Nxd4 c5 12. Nf3 Ne7 13. Nc3 O-O 14.
Bf4 Rb8 15. Qxd6 Rxb2 16. Qxc5 Qb6 17. Qxb6 Rxb6 18. Rac1 Be6 19. Na4 Rc6
20. Rxc6 Nxc6 21. Nc5 Bxa2 22. Nxa6 Rd8 23. Rc1 Nd4 24. Nxd4 Bxd4 25. Bg3
Re8 26. Nb4 Bb3 27. Rb1 Ba4 28. e5 Bxe5 29. Bxe5 Rxe5 30. Nd3 Rd5 31. Nf4
Rd4 32. g3 Kg7 33. Rb7 Rd6 34. Rb1 h5 35. h4 Bc2 36. Rc1 Bf5 37. Re1 Kf6
38. Kg2 Bc8 39. Rb1 Bf5 40. Re1 Bd7 41. Kh2 Bc6 42. Rc1 Bf3 43. Rc3 Be4 44.
Re3 Kf5 45. Re1 Bf3 46. Re3 Be4 47. Re1 Rd7 48. Kg1 Bc6 49. Rc1 Bf3 50. Kh2
Rd2 51. Nh3 Bg4 52. Rf1 Bxh3 53. Kxh3 Ke4 1/2-1/2

[Event "World Blitz Women 2023"]
[Site "Samarkand UZB"]
[Date "2023.12.30"]
[Round "11.10"]
[White "Franco Valencia, Angela"]
[Black "Fataliyeva, Ulviyya"]
[Result "0-1"]
[WhiteElo "2048"]
[BlackElo "2268"]
[EventDate "2023.12.29"]

1. e4 e5 2. Nf3 Nc6 3. Bc4 Nf6 4. d3 Bc5 5. c3 d6 6. Nbd2 O-O 7. Bb3 a5 8.
O-O h6 9. h3 Be6 10. Re1 Re8 11. Nf1 d5 12. Ng3 dxe4 13. dxe4 Qxd1 14. Rxd1
Bd7 15. Be3 Bxe3 16. fxe3 a4 17. Bc2 Na5 18. b3 axb3 19. axb3 Nc6 20. b4 g6
21. Bb3 b5 22. Bd5 Nxd5 23. exd5 Rxa1 24. Rxa1 Ne7 25. Nxe5 Bc8 26. Rd1 Bb7
27. d6 cxd6 28. Rxd6 Nd5 29. Nd7 Rxe3 30. Kf2 Re6 31. Rxe6 fxe6 32. Nc5 Bc8
33. Nge4 e5 34. Nd6 Bf5 35. Nxb5 Kf8 36. g4 Bc2 37. Na3 Bd1 38. b5 Nb6 39.
Nd3 e4 40. Nc5 Ke7 41. Nxe4 Ke6 42. Ke3 Kd5 43. c4+ Ke6 44. c5 Nd5+ 45. Kd4
Bf3 46. b6 Ne7 47. Nc4 Nc6+ 48. Ke3 Bg2 49. h4 Bh3 50. g5 h5 51. Nc3 Bf1
52. Nd6 Kd7 53. b7 Kc7 54. Nd5+ Kb8 55. Nb6 Kc7 56. Nd7 Kxd7 57. Ke4 Ba6
58. Kd5 Kc7 59. Ke6 Nd8+ 60. Kf6 Bd3 61. Ke7 Nxb7 62. Ne8+ Kc6 63. Kf7 Kxc5
64. Nf6 Nd6+ 65. Kg7 Kd4 66. Kh7 Ke5 67. Nd7+ Kf4 68. Nf8 Kg4 69. Nxg6
Bxg6+ 70. Kxg6 Kxh4 71. Kf6 Ne4+ 72. Kf5 Nxg5 73. Kf4 Kh3 74. Kxg5 h4 75.
Kf4 Kg2 76. Kg4 h3 0-1

[Event "World Blitz Women 2023"]
[Site "Samarkand UZB"]
[Date "2023.12.30"]
[Round "11.11"]
[White "Tokhirjonova, Gulrukhbegim"]
[Black "Kurmangaliyeva, Liya"]
[Result "1-0"]
[WhiteElo "2265"]
[BlackElo "2077"]
[EventDate "2023.12.29"]

1. e4 c5 2. Nf3 e6 3. Nc3 Nc6 4. d4 cxd4 5. Nxd4 a6 6. Be2 Nf6 7. Nxc6 bxc6
8. e5 Nd5 9. Ne4 Qc7 10. f4 c5 11. c4 Nb4 12. O-O Bb7 13. Bf3 Nc6 14. Be3
Nd4 15. Bxd4 cxd4 16. Qxd4 Bxe4 17. Qxe4 Rc8 18. b3 Bc5+ 19. Kh1 O-O 20. f5
exf5 21. Qxf5 g6 22. Qf6 Qd8 23. Qf4 Qe7 24. Bd5 Kg7 25. Rae1 Bb4 26. Re4
f5 27. Re2 a5 28. h3 Rce8 29. Qd4 Bc5 30. Qd2 Bb4 31. Qb2 Kh6 32. Rf3 Qg5
33. a3 Bc5 34. b4 axb4 35. axb4 Rb8 36. Rb3 Be7 37. c5 f4 38. Qc2 Rf5 39.
Qe4 Re8 40. Qd4 Bf8 41. Bf3 Rfxe5 42. Rbb2 Re3 43. Qxd7 Bg7 44. Rbc2 Qg3
45. Qxe8 Rxe8 46. Rxe8 Bd4 47. Ree2 Qg5 48. c6 Bb6 49. c7 Bxc7 50. Rxc7 Qb5
51. Re4 Qf1+ 52. Kh2 Qf2 53. Rc1 Qd2 54. Rce1 Kg5 55. b5 Kh4 56. Rxf4+ 1-0

[Event "World Blitz Women 2023"]
[Site "Samarkand UZB"]
[Date "2023.12.30"]
[Round "11.12"]
[White "Bivol, Alina"]
[Black "Nurgaliyeva, Zarina"]
[Result "0-1"]
[WhiteElo "2250"]
[BlackElo "2001"]
[EventDate "2023.12.29"]

1. e4 e5 2. Nf3 Nc6 3. Nc3 Nf6 4. d4 exd4 5. Nxd4 Bb4 6. Nxc6 bxc6 7. Bd3
d5 8. exd5 O-O 9. O-O Bg4 10. f3 Bh5 11. Ne4 cxd5 12. Ng3 Bg6 13. Kh1 Bd6
14. Nf5 c5 15. c3 Qc7 16. Bg5 Nd7 17. Be7 Bxe7 18. Nxe7+ Kh8 19. Nxd5 Qd6
20. Bxg6 Qxg6 21. f4 Nf6 22. Nxf6 Qxf6 23. Qf3 Rab8 24. b3 Rb6 25. Rad1 Re8
26. Rd5 Ra6 27. Rxc5 Rxa2 28. h3 h6 29. Rc7 Ree2 30. Rg1 Qe6 31. Qa8+ Kh7
32. Rc8 Qxh3+ 0-1

[Event "World Blitz Women 2023"]
[Site "Samarkand UZB"]
[Date "2023.12.30"]
[Round "11.13"]
[White "Toncheva, Nadya"]
[Black "Voit, Daria"]
[Result "1-0"]
[WhiteElo "2162"]
[BlackElo "2215"]
[EventDate "2023.12.29"]

1. e4 c6 2. d4 d5 3. Nc3 dxe4 4. Nxe4 Nf6 5. Nxf6+ exf6 6. c3 Bd6 7. Bd3
O-O 8. Ne2 Re8 9. O-O Qc7 10. Ng3 g6 11. Bh6 f5 12. Re1 Rxe1+ 13. Qxe1 Be6
14. Qd2 Nd7 15. c4 Nf6 16. Re1 Rd8 17. Bg5 Be7 18. Bf1 Qb6 19. c5 Qc7 20.
b3 Qd7 21. Rd1 Nd5 22. Bxe7 Nxe7 23. Ne2 Nd5 24. Nf4 Nxf4 25. Qxf4 Bd5 26.
Re1 b6 27. h4 b5 28. h5 a5 29. h6 f6 30. g4 g5 31. Qxf5 Qxf5 32. gxf5 Kf7
33. Rd1 Be4 34. Bd3 Rxd4 35. Bc4+ Rxc4 36. bxc4 bxc4 37. Rc1 Bd3 38. Kg2
Bxf5 39. Rxc4 Kg6 40. Ra4 Kxh6 41. Rxa5 Kg6 42. Ra7 h5 43. a4 h4 44. a5 g4
45. a6 Be4+ 46. Kh2 f5 47. Re7 Bd5 48. a7 f4 49. a8=Q g3+ 50. fxg3 fxg3+
51. Kg1 1-0

[Event "World Blitz Women 2023"]
[Site "Samarkand UZB"]
[Date "2023.12.30"]
[Round "11.14"]
[White "Zhao, Shengxin"]
[Black "Yu, Jennifer"]
[Result "1-0"]
[WhiteElo "2079"]
[BlackElo "2197"]
[EventDate "2023.12.29"]

1. d4 d5 2. c4 e6 3. Nf3 Nf6 4. g3 Bb4+ 5. Bd2 Be7 6. Bg2 O-O 7. O-O Nbd7
8. Qc2 Ne4 9. Be1 c6 10. Nfd2 f5 11. f3 Nd6 12. e4 Nxc4 13. Nxc4 dxc4 14.
Qxc4 Nb6 15. Qc3 Kh8 16. Nd2 Na4 17. Qe3 Nxb2 18. Bf2 Na4 19. Nc4 Nb6 20.
Ne5 Nd7 21. f4 Nxe5 22. fxe5 Bg5 23. Qc3 f4 24. gxf4 Bxf4 25. Be3 Bxe3+ 26.
Qxe3 Bd7 27. d5 cxd5 28. exd5 exd5 29. e6 Qe7 30. Bxd5 Bc6 31. Bxc6 bxc6
32. Rad1 Rxf1+ 33. Rxf1 Re8 34. Rf7 Qh4 35. e7 Qg4+ 36. Kf2 Kg8 37. Rf4 Qg6
38. Qb3+ Kh8 39. Rf8+ 1-0

[Event "World Blitz Women 2023"]
[Site "Samarkand UZB"]
[Date "2023.12.30"]
[Round "11.15"]
[White "Mamedjarova, Turkan"]
[Black "Bobomurodova, Maftuna"]
[Result "0-1"]
[WhiteElo "2175"]
[BlackElo "1814"]
[EventDate "2023.12.29"]

1. e4 e5 2. Nf3 Nc6 3. d4 exd4 4. Bc4 Bc5 5. Bg5 Nge7 6. O-O O-O 7. c3 dxc3
8. Nxc3 h6 9. Bh4 d6 10. h3 Be6 11. Bxe6 fxe6 12. Qb3 Qc8 13. Bxe7 Nxe7 14.
Ne2 Ng6 15. Rac1 Bb6 16. e5 d5 17. a4 c6 18. Qd3 Qe8 19. b4 Qf7 20. a5 Bc7
21. Qe3 a6 22. Rcd1 Nf4 23. Nxf4 Qxf4 24. Qc3 Rad8 25. Rfe1 Qf5 26. Rd4 Rd7
27. Rg4 Rfd8 28. Nd4 Bxe5 29. Nxf5 Bxc3 30. Rxe6 Kh7 31. Kf1 d4 32. Ke2
Bxb4 33. Kd3 Bxa5 34. h4 c5 35. h5 b5 36. Ne7 c4+ 37. Ke4 Re8 38. Rgg6
Rexe7 39. Rxe7 Rxe7+ 40. Kxd4 Rc7 41. Rxa6 c3 42. Rxa5 c2 43. Rxb5 c1=Q 0-1

[Event "World Blitz Women 2023"]
[Site "Samarkand UZB"]
[Date "2023.12.30"]
[Round "11.16"]
[White "Zhai, Mo"]
[Black "Druzhinina, Olga"]
[Result "1-0"]
[WhiteElo "2342"]
[BlackElo "2055"]
[EventDate "2023.12.29"]

1. d4 Nf6 2. c4 g6 3. Nc3 d5 4. Bg5 Ne4 5. Bh4 Nxc3 6. bxc3 Bg7 7. Nf3 dxc4
8. e3 c5 9. Bxc4 O-O 10. O-O a6 11. a4 Nd7 12. Rb1 Nf6 13. h3 Qa5 14. Qb3
e6 15. Ne5 Ne4 16. Rb2 Qxc3 17. Rd1 cxd4 18. exd4 Bxe5 19. dxe5 Qxe5 20.
Re2 Qf4 21. g3 Qf5 22. Bd3 Nc5 23. Bxf5 Nxb3 24. Bc2 Nc5 25. Be7 Nd7 26.
Bxf8 Kxf8 27. a5 Ke7 28. Be4 Nc5 29. Bf3 Bd7 30. Rc2 Rc8 31. Rdc1 Kd6 32.
Bxb7 Nxb7 33. Rxc8 Bxc8 34. Rxc8 Nxa5 35. Ra8 Nc4 36. Rxa6+ Ke7 37. Kg2 h5
38. h4 Kf6 39. Kf3 Ne5+ 40. Ke4 Nd7 41. Ra7 Ne5 42. f3 Nc4 43. g4 Nd6+ 44.
Kf4 e5+ 45. Ke3 hxg4 46. fxg4 Ke6 47. Ra6 Ke7 48. Kf3 f6 49. h5 gxh5 50.
gxh5 Nf5 51. Kg4 Nh6+ 52. Kf3 Nf5 53. Ra7+ Ke6 54. Rh7 Ne7 55. h6 f5 56.
Rxe7+ 1-0

[Event "World Blitz Women 2023"]
[Site "Samarkand UZB"]
[Date "2023.12.30"]
[Round "11.17"]
[White "Rudzinska, Michalina"]
[Black "Guichard, Pauline"]
[Result "1-0"]
[WhiteElo "2113"]
[BlackElo "2281"]
[EventDate "2023.12.29"]

1. e4 e5 2. Nf3 Nc6 3. Nc3 Nf6 4. Bb5 Nd4 5. Bc4 Bc5 6. d3 d6 7. h3 a6 8.
a3 O-O 9. O-O h6 10. Nxd4 Bxd4 11. Be3 Bxe3 12. fxe3 c6 13. Qf3 Qe7 14.
Rae1 Be6 15. Ne2 Bxc4 16. dxc4 Nd7 17. Ng3 g6 18. b3 b5 19. cxb5 axb5 20.
Qg4 Kh7 21. Rf2 Rxa3 22. Ref1 Nc5 23. h4 Ne6 24. Nf5 gxf5 25. Qxf5+ Kg7 26.
Qg4+ Kh7 27. Qh5 Ng7 28. Qg4 Ra7 29. Rf6 Rh8 30. R1f3 Kg8 31. Qg3 Rh7 32.
Qf2 Ne6 33. R3f5 Ra1+ 34. Kh2 Ra7 35. Qg3+ Rg7 36. Qf3 Kh7 37. Rxh6+ Kg8
38. Qh5 Kf8 39. Rh8+ Rg8 40. Qh6+ Ng7 41. Qh7 1-0

[Event "World Blitz Women 2023"]
[Site "Samarkand UZB"]
[Date "2023.12.30"]
[Round "11.18"]
[White "Yakubbaeva, Nilufar"]
[Black "Nurgali, Nazerke"]
[Result "0-1"]
[WhiteElo "2237"]
[BlackElo "2068"]
[EventDate "2023.12.29"]

1. e4 c5 2. Nf3 e6 3. d4 cxd4 4. Nxd4 Nf6 5. Bd3 Nc6 6. Nxc6 bxc6 7. O-O d5
8. exd5 exd5 9. c4 Be7 10. cxd5 cxd5 11. b3 O-O 12. Bb2 Bb7 13. Nd2 h6 14.
Nf3 Ne4 15. Nd4 Bf6 16. f3 Qb6 17. Bc2 Ng5 18. Kh1 Rac8 19. Rc1 Ba6 20. Re1
Ne6 21. Nxe6 Bxb2 22. Rb1 fxe6 23. Rxb2 d4 24. Bb1 Rfd8 25. Rc2 Rxc2 26.
Qxc2 d3 27. Qd2 Qd6 28. h3 e5 29. b4 Bb5 30. a3 Qd4 31. Ba2+ Bc4 32. Bxc4+
Qxc4 33. Rc1 Qd4 34. Rc3 e4 35. fxe4 Qxe4 36. Kh2 Qe5+ 37. Kh1 Qe2 38. Qf4
d2 0-1

[Event "World Blitz Women 2023"]
[Site "Samarkand UZB"]
[Date "2023.12.30"]
[Round "11.19"]
[White "Balajayeva, Khanim"]
[Black "Yan, Tianqi"]
[Result "1-0"]
[WhiteElo "2207"]
[BlackElo "2086"]
[EventDate "2023.12.29"]

1. e4 c5 2. Nf3 e6 3. d4 cxd4 4. Nxd4 a6 5. Bd3 Nc6 6. Nxc6 dxc6 7. O-O e5
8. Nd2 Bc5 9. Nf3 Qc7 10. h3 h6 11. b3 Ne7 12. Kh1 O-O 13. Nh4 f5 14. exf5
Nxf5 15. Qh5 Nxh4 16. Qxh4 Be6 17. Qg3 Rf6 18. Bb2 Bd6 19. Be4 Raf8 20.
Rae1 Bf5 21. Bxf5 Rxf5 22. Re4 Qf7 23. f3 Rf4 24. Rfe1 Rxe4 25. Rxe4 Qd5
26. Bxe5 Bxe5 27. Rxe5 Qd1+ 28. Kh2 Qxc2 29. Re7 Qb2 30. Rxb7 Kh7 31. a4
Rf5 32. h4 Qf6 33. Qg4 Qe5+ 34. Kh1 Qe1+ 35. Kh2 Qe5+ 36. Kh3 h5 37. Rxg7+
Qxg7 38. Qxf5+ Kh6 39. Qf4+ Kh7 40. Qf5+ Kh6 41. Qg5+ Qxg5 42. hxg5+ Kxg5
43. g3 Kf5 44. Kh4 Kg6 45. f4 Kh6 46. f5 1-0

[Event "World Blitz Women 2023"]
[Site "Samarkand UZB"]
[Date "2023.12.30"]
[Round "11.20"]
[White "Kazarian, Anna-Maja"]
[Black "Soumya, Swaminathan"]
[Result "1-0"]
[WhiteElo "2023"]
[BlackElo "2154"]
[EventDate "2023.12.29"]

1. e4 c5 2. Nf3 Nc6 3. Bb5 g6 4. O-O Bg7 5. d3 Nf6 6. Bxc6 dxc6 7. h3 Nd7
8. Nc3 e5 9. Bg5 Qc7 10. Qd2 h6 11. Be3 b6 12. a4 a5 13. Ne1 Nf8 14. f4
exf4 15. Bxf4 Qe7 16. Nf3 g5 17. Bg3 Ng6 18. Rad1 Be6 19. Kh1 O-O-O 20. Qe2
Kb7 21. Nd2 Ne5 22. Nc4 Bxc4 23. dxc4 Rd4 24. Rxd4 cxd4 25. Nd1 c5 26. Rf5
Rd8 27. Nf2 Rd7 28. b3 Nc6 29. Nd3 Nb4 30. Qf3 Nc6 31. e5 Qe6 32. Kh2 Ka6
33. Qe4 Ka7 34. h4 Ne7 35. Rf2 Ng6 36. h5 Ne7 37. Qf3 Nc6 38. Qf5 Qxf5 39.
Rxf5 Nd8 40. Nf2 Ne6 41. Ne4 Ka6 42. Nd6 Nd8 43. Ne8 Bf8 44. Nf6 Re7 45.
Nd5 Rd7 46. Rf6 Bg7 47. Rxb6+ Ka7 48. Rb5 Ne6 49. Rxa5+ Kb7 50. Rb5+ Ka7
51. Nb6 Rd8 52. a5 d3 53. cxd3 Rxd3 54. Nc8+ Ka6 55. Nd6 Nd4 56. Rb7 Rxb3
57. Rxf7 1-0

[Event "World Blitz Women 2023"]
[Site "Samarkand UZB"]
[Date "2023.12.30"]
[Round "11.21"]
[White "Getman, Tatyana"]
[Black "Kairbekova, Amina"]
[Result "1-0"]
[WhiteElo "2014"]
[BlackElo "2131"]
[EventDate "2023.12.29"]

1. d4 Nf6 2. c4 g6 3. Nc3 Bg7 4. e4 d6 5. Nf3 O-O 6. Bd3 Nbd7 7. O-O e5 8.
d5 Nc5 9. Bc2 a5 10. a3 Bd7 11. Be3 Ng4 12. Bd2 f5 13. b4 axb4 14. axb4
fxe4 15. Rxa8 Qxa8 16. Nxe4 Nxe4 17. Bxe4 Nf6 18. Bc2 b5 19. c5 Kh8 20. Ng5
Nxd5 21. cxd6 cxd6 22. Be4 Qa2 23. Be1 Nf6 24. Qxd6 Nxe4 25. Nxe4 Bf5 26.
Ng3 Qc4 27. Nxf5 gxf5 28. Bd2 e4 29. Rc1 Qe2 30. Be3 f4 31. Bd4 Rg8 32.
Bxg7+ Kxg7 33. Qe5+ Kh6 34. Qxf4+ Kg7 35. Rc7+ Kg6 36. Rc6+ 1-0

[Event "World Blitz Women 2023"]
[Site "Samarkand UZB"]
[Date "2023.12.30"]
[Round "11.22"]
[White "Shohradova, Leyla"]
[Black "Serikbay, Assel"]
[Result "0-1"]
[WhiteElo "1882"]
[BlackElo "2126"]
[EventDate "2023.12.29"]

1. d4 d5 2. c4 c6 3. Nf3 Nf6 4. g3 a6 5. Bg2 dxc4 6. a4 Nbd7 7. O-O g6 8.
Na3 Bg7 9. Nxc4 O-O 10. Qc2 Nb6 11. Rd1 Bf5 12. Qc3 Nfd5 13. Qb3 Nxc4 14.
Qxc4 Rc8 15. Ne5 Nb6 16. Qb3 Be6 17. Qc2 Nd5 18. e4 Nb4 19. Qc3 Bxe5 20.
Qxb4 c5 21. Qxb7 cxd4 22. Bh6 Re8 23. Qxa6 Bc4 24. Qa7 d3 25. Qe3 Bxb2 26.
Rab1 Bd4 27. Qd2 Qd7 28. Bf1 Red8 29. Kg2 Bf6 30. a5 Qc6 31. f3 Ba6 32. Rb6
Qc4 33. Be3 Bb5 34. Rc1 Qxc1 35. Qxc1 Rxc1 36. Bxc1 d2 37. Bxd2 Rxd2+ 38.
Kg1 Bd4+ 39. Kh1 Bxb6 40. axb6 Bxf1 41. b7 Rb2 0-1

[Event "World Blitz Women 2023"]
[Site "Samarkand UZB"]
[Date "2023.12.30"]
[Round "11.23"]
[White "Abdulla, Khayala"]
[Black "Shohradova, Lala"]
[Result "1-0"]
[WhiteElo "2118"]
[BlackElo "1983"]
[EventDate "2023.12.29"]

1. e4 e6 2. d4 d5 3. Nc3 dxe4 4. Nxe4 Be7 5. Nf3 Nf6 6. Nxf6+ Bxf6 7. Be3
c5 8. c3 cxd4 9. Bxd4 O-O 10. Bc5 Re8 11. Bd3 Qc7 12. Be3 b6 13. Qc2 g6 14.
O-O Bb7 15. Be4 Nc6 16. Bh6 Rac8 17. Qe2 Ne7 18. Bxb7 Qxb7 19. Ne5 Rc5 20.
Nd3 Rh5 21. Bf4 Nd5 22. Bg3 Rg5 23. Rfe1 h5 24. f3 Rf5 25. Qe4 b5 26. Rad1
Qa6 27. a3 Ne7 28. Bf2 Rd5 29. Nb4 Qb7 30. Nxd5 Nxd5 31. Rxd5 Kg7 32. Rd2
Qc7 33. Bd4 e5 34. Bf2 a5 35. Red1 b4 36. axb4 axb4 37. Rd7 Qb8 38. Qxb4
1-0

[Event "World Blitz Women 2023"]
[Site "Samarkand UZB"]
[Date "2023.12.30"]
[Round "11.24"]
[White "Hajiyeva, Laman"]
[Black "Zhu, Chen"]
[Result "1/2-1/2"]
[WhiteElo "2076"]
[BlackElo "2379"]
[EventDate "2023.12.29"]

1. e4 c5 2. Nf3 d6 3. Bb5+ Nd7 4. d4 cxd4 5. Qxd4 e5 6. Qd3 Nf6 7. O-O Be7
8. c4 O-O 9. Bxd7 Bxd7 10. Nc3 Rc8 11. a4 Be6 12. b3 Nd7 13. Ba3 Rc6 14.
Rfd1 a6 15. Nd5 Bxd5 16. Qxd5 Qb6 17. Rab1 a5 18. h3 h6 19. Qb5 Kh7 20. Rd5
Nf6 21. Qxb6 Rxb6 22. Rxa5 Nxe4 23. Nxe5 Nd2 24. Rd1 Nxb3 25. Nd7 Nxa5 26.
Nxb6 Rd8 27. Rd5 Nc6 28. Rb5 Bf8 29. Nd5 Ra8 30. Rxb7 Rxa4 31. Rxf7 Rxa3
32. Rxf8 Ne5 33. Rc8 Ra1+ 34. Kh2 Rc1 35. Ne3 d5 36. Nxd5 Rxc4 37. Rxc4
Nxc4 38. Kg3 Kg6 39. Nf4+ Kf5 40. Nd3 Nd2 41. f3 Nf1+ 42. Kf2 Nd2 43. g4+
Kg5 44. Ne5 Kf6 45. f4 g5 46. Nd3 gxf4 47. Nxf4 Kg5 48. Ne6+ Kh4 49. Kg2
Nc4 50. Nd4 Ne3+ 51. Kh2 Nf1+ 52. Kg2 Ne3+ 53. Kf3 Nd5 54. Kg2 Ne3+ 55. Kh2
Nxg4+ 56. hxg4 Kxg4 1/2-1/2

[Event "World Blitz Women 2023"]
[Site "Samarkand UZB"]
[Date "2023.12.30"]
[Round "11.25"]
[White "Aktamova, Zilola"]
[Black "Strutinskaia, Galina"]
[Result "1/2-1/2"]
[WhiteElo "1671"]
[BlackElo "2174"]
[EventDate "2023.12.29"]

1. e4 c5 2. Nf3 Nc6 3. d4 cxd4 4. Nxd4 Nf6 5. Nc3 e6 6. Be2 Bb4 7. Nxc6
bxc6 8. Bd3 d5 9. exd5 cxd5 10. Bd2 O-O 11. O-O a5 12. a3 Be7 13. Qe2 Qb6
14. Rab1 Ba6 15. Bxa6 Qxa6 16. Qxa6 Rxa6 17. Rfe1 Rc8 18. Kf1 Rac6 19. Rec1
Bd8 20. Ke1 e5 21. Kd1 h6 22. f4 e4 23. Be3 Rc4 24. Nb5 Be7 25. c3 a4 26.
Nd4 Ng4 27. Bg1 g6 28. h3 Nf6 29. Kd2 Nh5 30. Ne2 Bd6 31. Be3 f5 32. Re1
Ng7 33. Red1 Ne6 34. Ke1 Nc7 35. Nd4 Kf7 36. Rd2 Rb8 37. Rbd1 Kf6 38. Ne2
g5 39. g3 Bc5 40. Bxc5 Rxc5 41. Nd4 gxf4 42. gxf4 Rg8 43. Kf2 Rc4 44. Nc2
Rc5 45. Nb4 Rb5 46. Rg1 Rxg1 47. Kxg1 Ke6 48. Kf2 Ne8 49. Ke3 Nd6 50. Kd4
Rc5 51. Rg2 Rc4+ 52. Ke3 d4+ 53. cxd4 Kf7 54. Rc2 Rxc2 55. Nxc2 Nc4+ 56.
Ke2 Nxb2 57. Ne3 Ke6 58. Kd2 Nd3 59. Ng2 Kd5 60. Kc3 h5 61. Ne3+ Ke6 62.
Ng2 Kd6 63. Kc4 Ke6 64. Kc3 h4 65. Kc4 Nf2 66. Nxh4 e3 67. Nf3 e2 68. Ne1
Nxh3 69. Kd3 Nxf4+ 70. Ke3 Ng6 71. Kxe2 Kd5 72. Ke3 Kc4 73. Nc2 Kb3 74. Kd2
1/2-1/2

[Event "World Blitz Women 2023"]
[Site "Samarkand UZB"]
[Date "2023.12.30"]
[Round "11.26"]
[White "Ovod, Evgenija"]
[Black "Malikova, Marjona"]
[Result "1-0"]
[WhiteElo "2151"]
[BlackElo "1730"]
[EventDate "2023.12.29"]

1. d4 Nf6 2. Bf4 e6 3. e3 c5 4. Nf3 cxd4 5. exd4 Be7 6. c3 b6 7. Nbd2 O-O
8. h3 h6 9. Bh2 d6 10. a4 a5 11. Be2 Ba6 12. O-O Bxe2 13. Qxe2 Na6 14. Nc4
Nd5 15. Nfd2 Nf6 16. f4 d5 17. Ne5 Nc7 18. f5 Bd6 19. fxe6 fxe6 20. Rf2
Bxe5 21. Bxe5 Qe7 22. Bxc7 Qxc7 23. Qxe6+ Kh8 24. Raf1 Rae8 25. Qf5 Re7 26.
Qg6 Rfe8 27. Nf3 Ne4 28. Re2 Qg3 29. Qxg3 Nxg3 30. Rxe7 Rxe7 31. Re1 Rxe1+
32. Nxe1 Ne2+ 33. Kf2 Nc1 34. Ke3 g5 35. Nd3 Na2 36. Kd2 Kg7 37. Kc2 Kf6
38. Kb3 Kf5 39. Kxa2 Ke4 40. Ne5 Ke3 41. Ng4+ 1-0